000 00975nam a2200337 a 4500
001 vtls000002827
003 NLI
005 20210601180208.0
008 101125s1990 ii 000 0 eng
039 9 _y201011250009
_zVLOAD
040 0 _aNLI
_beng
_cVERGIS-2003
041 0 _aeng
044 _aii
082 0 4 _a610.73069
100 1 _aNagarathnamma, B.
_911378
245 1 0 _aWork adjustment and job satisfaction in nursing profession/
_cB. Nagarathnamma
260 _aTirupati:
_bSri Venkateswara University,
_c1990
300 _a117 p.;
_c22 cm.
650 0 _aNurses
_xJob satisfaction
_911379
650 0 _aNursing ethics
_911380
650 0 _aNursing
_xStuddy and teaching
_911381
887 _aKannaki
901 _aDB 59653
_b11/07/1991
902 _aE 610.73069 N 131
903 _a12/02/2004
904 _aKannaki
906 _a000553
949 _AVIRTUAITEM
_D10000
_F1
_X100
_6DBA000059653ENG
_aE 610.73069 N131
942 _2ddc
_cBKS
999 _c6331
_d6331